Loading...
| Fine Arts - Visual Fine Arts | 2 | 4 | 0 | 1 | 70 | 40 | 83.50 | 1 | 4 |
| Mythology | 0 | 2 | 0 | 2 | 20 | 126 | 133.00 | 0 | 0 |
| History - American History | 0 | 2 | 0 | 1 | 20 | 121 | 123.50 | 0 | 1 |
| History - European History | 0 | 2 | 0 | 0 | 20 | 63 | 70.00 | 0 | 0 |
| Fine Arts - Other Fine Arts | 0 | 2 | 0 | 0 | 20 | 109 | 115.50 | 0 | 0 |
| Science - Other Science | 0 | 2 | 1 | 0 | 15 | 75 | 83.50 | 2 | 2 |
| History - World History | 0 | 2 | 1 | 2 | 15 | 114 | 119.00 | 0 | 0 |
| Literature - World Literature | 0 | 2 | 1 | 0 | 15 | 122 | 133.00 | 0 | 2 |
| Literature - British Literature | 0 | 1 | 0 | 0 | 10 | 136 | 136.00 | 0 | 1 |
| History - Other History | 0 | 1 | 0 | 0 | 10 | 69 | 69.00 | 0 | 1 |
| Literature - American Literature | 0 | 1 | 0 | 1 | 10 | 141 | 141.00 | 0 | 0 |
| Philosophy | 0 | 1 | 0 | 1 | 10 | 142 | 142.00 | 0 | 0 |
| Pop Culture | 0 | 1 | 0 | 0 | 10 | 101 | 101.00 | 1 | 1 |
| Religion | 0 | 1 | 0 | 1 | 10 | 129 | 129.00 | 0 | 1 |
| Science - Biology | 0 | 1 | 0 | 0 | 10 | 114 | 114.00 | 0 | 0 |
| Literature - European Literature | 0 | 0 | 0 | 0 | 0 | 0.00 | 0 | 0 |